Acting Academy Award Winners - Statistics

General Stats
  • This quiz has been taken 89 times
    14 since last reset
  • The average score is 156 of 381
Answer Stats
Award Year Actor/Actress Answer % Correct
Best Actor 1994 Tom Hanks Forrest Gump
91%
Best Actor 1972 Marlon Brando The Godfather
91%
Best Actor 2013 Matthew McConaughey Dallas Buyers Club
82%
Best Supporting Actor 2013 Jared Leto Dallas Buyers Club
82%
Best Actress 1939 Vivien Leigh Gone with the Wind
82%
Best Supporting Actress 1939 Hattie McDaniel Gone with the Wind
82%
Best Actor 2019 Joaquin Phoenix Joker
82%
Best Actor 2008 Sean Penn Milk
82%
Best Actor 2023 Cillian Murphy Oppenheimer
82%
Best Supporting Actor 2023 Robert Downey Jr. Oppenheimer
82%
Best Actor 1993 Tom Hanks Philadelphia
82%
Best Actor 2004 Jamie Foxx Ray
82%
Best Actor 2025 Michael B. Jordan Sinners
82%
Best Actor 2010 Colin Firth The King's Speech
82%
Best Actor 2006 Forest Whitaker The Last King of Scotland
82%
Best Actor 2002 Adrian Brody The Pianist
82%
Best Actor 2015 Leonardo di Caprio The Revenant
82%
Best Actor 1991 Anthony Hopkins The Silence of the Lambs
82%
Best Actress 1991 Jodie Foster The Silence of the Lambs
82%
Best Actor 2022 Brendan Fraser The Whale
82%
Best Actor 1984 F. Murray Abraham Amadeus
73%
Best Actor 1999 Kevin Spacey American Beauty
73%
Best Actress 2024 Mickey Madison Anora
73%
Best Actor 1997 Jack Nicholson As Good as It Gets
73%
Best Actress 1997 Helen Hunt As Good as It Gets
73%
Best Actor 1959 Charlton Heston Ben-Hur
73%
Best Supporting Actor 1959 Hugh Griffith Ben-Hur
73%
Best Actress 2010 Natalie Portman Black Swan
73%
Best Actor 2005 Philip Seymour Hoffman Capote
73%
Best Actor 2017 Gary Oldman Darkest Hour
73%
Best Actress 2000 Julia Roberts Erin Brockovich
73%
Best Actress 1996 Frances McDormand Fargo
73%
Best Actor 1982 Ben Kingsley Gandhi
73%
Best Actor 2000 Russell Crowe Gladiator
73%
Best Supporting Actor 1990 Joe Pesci GoodFellas
73%
Best Supporting Actor 2018 Mahershala Ali Green Book
73%
Best Actor 2021 Will Smith King Richard
73%
Best Actress 2016 Emma Stone La La Land
73%
Best Actor 1995 Nicolas Cage Leaving Las Vegas
73%
Best Actor 2016 Casey Affleck Manchester by the Sea
73%
Best Supporting Actor 2004 Morgan Freeman Million Dollar Baby
73%
Best Actress 2004 Hilary Swank Million Dollar Baby
73%
Best Actress 2003 Charlize Theron Monster
73%
Best Actress 2001 Halle Berry Monster's Ball
73%
Best Actor 1964 Rex Harrison My Fair Lady
73%
Best Actor 1989 Daniel Day-Lewis My Left Foot
73%
Best Supporting Actress 1989 Brenda Fricker My Left Foot
73%
Best Actor 1975 Jack Nicholson One Flew Over the Cuckoo's Nest
73%
Best Actress 1975 Louise Fletcher One Flew Over the Cuckoo's Nest
73%
Best Actor 1981 Henry Fonda On Golden Pond
73%
Best Actress 1981 Katharine Hepburn On Golden Pond
73%
Best Actress 1998 Gwyneth Paltrow Shakespeare in Love
73%
Best Supporting Actress 1998 Judi Dench Shakespeare in Love
73%
Best Actor 2011 Jean Dujardin The Artist
73%
Best Actor 1957 Alec Guiness The Bridge on the River Kwai
73%
Best Actor 2024 Adrian Brody The Brutalist
73%
Best Supporting Actor 1974 Robert De Niro The Godfather Part II
73%
Best Actor 1956 Yul Brynner The King and I
73%
Best Actress 2006 Helen Mirren The Queen
73%
Best Supporting Actor 2017 Sam Rockwell Three Billboards Outside Ebbing, Missouri
73%
Best Actress 2017 Frances McDormand Three Billboards Outside Ebbing, Missouri
73%
Best Actor 2001 Denzel Washington Training Day
73%
Best Actor 1987 Michael Douglas Wall Street
73%
Best Supporting Actress 2013 Lupita Nyong'o 12 Years a Slave
64%
Best Actor 2018 Rami Malek Bohemian Rhapsody
64%
Best Actress 1999 Hilary Swank Boys Don't Cry
64%
Best Supporting Actor 1972 Joel Grey Cabaret
64%
Best Actress 1972 Liza Minnelli Cabaret
64%
Best Supporting Actress 2002 Catherine Zeta-Jones Chicago
64%
Best Actress 1995 Susan Sarandon Dead Man Walking
64%
Best Actress 1989 Jessica Tandy Driving Miss Daisy
64%
Best Supporting Actor 2022 Ke Huy Quan Everything Everywhere All at Once
64%
Best Actress 2022 Michelle Yeoh Everything Everywhere All at Once
64%
Best Supporting Actress 2022 Jamie Lee Curtis Everything Everywhere All at Once
64%
Best Supporting Actress 1990 Whoopi Goldberg Ghost
64%
Best Supporting Actor 1989 Denzel Washington Glory
64%
Best Supporting Actor 1997 Robin Williams Good Will Hunting
64%
Best Actress 2019 Renée Zellweger Judy
64%
Best Supporting Actress 1997 Kim Basinger L.A. Confidential
64%
Best Actor 1998 Roberto Benigni Life Is Beautiful
64%
Best Actor 2012 Daniel Day-Lewis Lincoln
64%
Best Actress 1990 Kathy Bates Misery
64%
Best Supporting Actor 2016 Mahershala Ali Moonlight
64%
Best Actress 1987 Cher Moonstruck
64%
Best Supporting Actress 1987 Olympia Dukakis Moonstruck
64%
Best Actor 2003 Sean Penn Mystic River
64%
Best Supporting Actor 2003 Tim Robbins Mystic River
64%
Best Actor 1976 Peter Finch Network
64%
Best Actress 1976 Faye Dunaway Network
64%
Best Supporting Actress 1976 Beatrice Straight Network
64%
Best Actress 2020 Frances McDormand Nomadland
64%
Best Actress 1979 Sally Field Norma Rae
64%
Best Actor 1954 Marlon Brando On the Waterfront
64%
Best Supporting Actress 1954 Eva Marie Saint On the Waterfront
64%
Best Actor 1970 George C. Scott Patton
64%
Best Actor 1980 Robert De Niro Raging Bull
64%
Best Actor 1988 Dustin Hoffman Rain Man
64%
Best Actress 2015 Brie Larson Room
64%
Best Actor 1992 Al Pacino Scent of a Woman
64%
Best Actress 2009 Sandra Bullock The Blind Side
64%
Best Supporting Actor 2008 Heath Ledger The Dark Knight
64%
Best Actor 2020 Anthony Hopkins The Father
64%
Best Actor 1971 Gene Hackman The French Connection
64%
Best Actress 2011 Meryl Streep The Iron Lady
64%
Best Actor 2007 Daniel Day-Lewis There Will Be Blood
64%
Best Actor 1962 Gregory Peck To Kill a Mockingbird
64%
Best Actor 1969 John Wayne True Grit
64%
Best Supporting Actor 1961 George Chakiris West Side Story
64%
Best Supporting Actress 2021 Ariana DeBose West Side Story
64%
Best Supporting Actress 1961 Rita Moreno West Side Story
64%
Best Actress 1977 Diane Keaton Annie Hall
55%
Best Supporting Actor 1982 Louis Gossett Jr. An Officer and a Gentleman
55%
Best Supporting Actor 1991 Jack Palance City Slickers
55%
Best Actress 1980 Sissy Spacek Coal Miner's Daughter
55%
Best Supporting Actor 2021 Troy Kotsur CODA
55%
Best Actor 2009 Jeff Bridges Crazy Heart
55%
Best Supporting Actress 2006 Jennifer Hudson Dreamgirls
55%
Best Actress 1968 Barbra Streisand Funny Girl
55%
Best Supporting Actress 1999 Angelina Jolie Girl, Interrupted
55%
Best Actor 1944 Bing Crosby Going My Way
55%
Best Supporting Actor 1944 Barry Fitzgerald Going My Way
55%
Best Actor 1948 Laurence Olivier Hamlet
55%
Best Actor 1934 Clark Gable It Happened One Night
55%
Best Actress 1934 Claudette Colbert It Happened One Night
55%
Best Supporting Actress 2017 Allison Janney I, Tonya
55%
Best Supporting Actor 1996 Cuba Gooding Jr. Jerry Maguire
55%
Best Actor 1985 William Hurt Kiss of the Spider Woman
55%
Best Supporting Actress 2012 Anne Hathaway Les Misérables
55%
Best Actress 1942 Greer Garson Mrs. Miniver
55%
Best Supporting Actress 1942 Teresa Wright Mrs. Miniver
55%
Best Supporting Actress 1992 Marisa Tomei My Cousin Vinny
55%
Best Supporting Actor 2007 Javier Bardem No Country for Old Men
55%
Best Actress 2023 Emma Stone Poor Things
55%
Best Supporting Actress 2009 Mo'Nique Precious
55%
Best Actor 1996 Geoffrey Rush Shine
55%
Best Supporting Actor 1960 Peter Ustinov Spartacus
55%
Best Supporting Actor 1983 Jack Nicholson Terms of Endearment
55%
Best Actress 1983 Shirley MacLaine Terms of Endearment
55%
Best Actress 1988 Jodie Foster The Accused
55%
Best Actor 1951 Humphrey Bogart The African Queen
55%
Best Actor 1986 Paul Newman The Color of Money
55%
Best Supporting Actor 1978 Christopher Walken The Deer Hunter
55%
Best Supporting Actor 1993 Tommy Lee Jones The Fugitive
55%
Best Actress 2002 Nicole Kidman The Hours
55%
Best Actress 1993 Holly Hunter The Piano
55%
Best Supporting Actress 1993 Anna Paquin The Piano
55%
Best Actor 2014 Eddie Redmayne The Theory of Everything
55%
Best Supporting Actor 1995 Kevin Spacey The Usual Suspects
55%
Best Supporting Actress 1982 Jessica Lange Tootsie
55%
Best Actress 2005 Reese Witherspoon Walk the Line
55%
Best Supporting Actor 2014 J.K. Simmons Whiplash
55%
Best Supporting Actress 2001 Jennifer Connelly A Beautiful Mind
45%
Best Supporting Actor 1988 Kevin Kline A Fish Called Wanda
45%
Best Actress 1994 Jessica Lange Blue Sky
45%
Best Supporting Actress 2014 Patricia Arquette Boyhood
45%
Best Actor 1938 Spencer Tracy Boys Town
45%
Best Actress 1986 Marlee Matlin Children of a Lesser God
45%
Best Supporting Actor 1985 Don Ameche Cocoon
45%
Best Supporting Actress 2003 Renée Zellweger Cold Mountain
45%
Best Supporting Actor 2012 Christoph Waltz Django Unchained
45%
Best Supporting Actor 1953 Frank Sinatra From Here to Eternity
45%
Best Supporting Actress 1953 Doone Reed From Here to Eternity
45%
Best Actress 2025 Jessie Buckley Hamnet
45%
Best Actor 1952 Gary Cooper High Noon
45%
Best Actor 1967 Rod Steiger In the Heat of the Night
45%
Best Actor 1979 Dustin Hoffman Kramer vs. Kramer
45%
Best Supporting Actress 1979 Meryl Streep Kramer vs. Kramer
45%
Best Actor 1963 Sidney Poitier Lilies of the Field
45%
Best Supporting Actor 2006 Alan Arkin Little Miss Sunshine
45%
Best Actor 1955 Ernest Borgnine Marty
45%
Best Actress 1964 Julie Andrews Mary Poppins
45%
Best Supporting Actor 2019 Brad Pitt Once Upon a Time in Hollywood
45%
Best Supporting Actor 2025 Sean Penn One Battle After Another
45%
Best Supporting Actor 1980 Timothy Hutton Ordinary People
45%
Best Actress 2012 Jennifer Lawrence Silver Linings Playbook
45%
Best Actress 1982 Meryl Streep Sophie's Choice
45%
Best Actor 1946 Fredric March The Best Years of Our Lives
45%
Best Supporting Actor 1946 Harold Russell The Best Years of Our Lives
45%
Best Supporting Actress 1996 Juliette Binoche The English Patient
45%
Best Actress 2018 Olivia Colman The Favourite
45%
Best Supporting Actor 2010 Christian Bale The Fighter
45%
Best Supporting Actress 2010 Melissa Leo The Fighter
45%
Best Supporting Actress 2011 Octavia Spencer The Help
45%
Best Supporting Actor 1984 Haing S. Ngor The Killing Fields
45%
Best Actress 1962 Anne Bancroft The Miracle Worker
45%
Best Supporting Actress 1962 Patty Duke The Miracle Worker
45%
Best Actress 2008 Kate Winslet The Reader
45%
Best Supporting Actor 1987 Sean Connery The Untouchables
45%
Best Supporting Actor 2000 Benicio del Toro Traffic
45%
Best Supporting Actor 1992 Gene Hackman Unforgiven
45%
Best Actress 1966 Elizabeth Taylor Who's Afraid of Virginia Woolf?
45%
Best Supporting Actress 1966 Sandy Dennis Who's Afraid of Virginia Woolf?
45%
Best Actor 1942 James Cagney Yankee Doodle Dandy
45%
Best Actor 1949 Broderick Crawford All the King's Men
36%
Best Supporting Actress 1949 Mercedes McCambridge All the King's Men
36%
Best Supporting Actor 1976 Jason Robards All the President's Men
36%
Best Actor 1966 Paul Scofield A Man for All Seasons
36%
Best Supporting Actor 1981 John Gielgud Arthur
36%
Best Supporting Actor 1951 Karl Malden A Streetcar Named Desire
36%
Best Actress 1951 Vivien Leigh A Streetcar Named Desire
36%
Best Supporting Actress 1951 Kim Hunter A Streetcar Named Desire
36%
Best Actress 2013 Cate Blanchett Blue Jasmine
36%
Best Supporting Actor 2015 Mary Rylance Bridge of Spies
36%
Best Actor 1978 Jon Voight Coming Home
36%
Best Actress 1978 Jane Fonda Coming Home
36%
Best Supporting Actor 1994 Martin Landau Ed Wood
36%
Best Actor 1960 Burt Lancaster Elmer Gantry
36%
Best Supporting Actress 1960 Shirley Jones Elmer Gantry
36%
Best Supporting Actor 1986 Michael Caine Hannah and Her Sisters
36%
Best Supporting Actress 1986 Dianne Wiest Hannah and Her Sisters
36%
Best Actor 1974 Art Carney Harry and Tonto
36%
Best Actress 1992 Emma Thompson Howards End
36%
Best Supporting Actor 1941 Donald Crisp How Green Was My Valley
36%
Best Supporting Actor 1963 Melvyn Douglas Hud
36%
Best Actress 1963 Patricia Neal Hud
36%
Best Supporting Actor 2009 Christoph Waltz Inglorious Basterds
36%
Best Supporting Actor 2020 Daniel Kaluuya Judas and the Black Messiah
36%
Best Actor 1961 Maximilian Schell Judgement at Nuremberg
36%
Best Actress 1971 Jane Fonda Klute
36%
Best Actress 2007 Marion Cotillard La Vie en Rose
36%
Best Supporting Actress 1995 Mira Sorvino Mighty Aphrodite
36%
Best Supporting Actress 2020 Yuh-jung Youn Minari
36%
Best Supporting Actor 1947 Edmund Gwenn Miracle on 34th Street
36%
Best Supporting Actress 1973 Tatum O'Neal Paper Moon
36%
Best Actress 1984 Sally Field Places in the Heart
36%
Best Actor 1990 Jeremy Irons Reversal of Fortune
36%
Best Actor 1958 David Niven Separate Tables
36%
Best Supporting Actress 1958 Wendy Hiller Separate Tables
36%
Best Actress 2014 Julianne Moore Still Alice
36%
Best Actor 1983 Robert Duvall Tender Mercies
36%
Best Supporting Actress 2004 Cate Blanchett The Aviator
36%
Best Actress 2021 Jessica Chastain The Eyes of Tammy Faye
36%
Best Actor 1977 Richard Dreyfuss The Goodbye Girl
36%
Best Supporting Actress 2023 Da'Vine Joy Randolph The Holdovers
36%
Best Actor 1945 Ray Milland The Lost Weekend
36%
Best Actor 1940 James Stewart The Philadelphia Story
36%
Best Actress 1957 Joanne Woodward The Three Faces of Eve
36%
Best Supporting Actor 2002 Chris Cooper Adaptation
27%
Best Supporting Actress 1970 Helen Hayes Airport
27%
Best Actress 1974 Ellen Burstyn Alice Doesn't Live Here Anymore
27%
Best Supporting Actor 1950 George Sanders All About Eve
27%
Best Supporting Actress 1967 Estelle Parsons Bonnie and Clyde
27%
Best Actress 1960 Elizabeth Taylor BUtterfield 8
27%
Best Supporting Actress 1969 Goldie Hawn Cactus Flower
27%
Best Actor 1937 Spencer Tracy Captains Courageous
27%
Best Actor 1965 Lee Marvin Cat Ballou
27%
Best Actor 1968 Cliff Robertson Charly
27%
Best Supporting Actor 1967 George Kennedy Cool Hand Luke
27%
Best Actor 1950 José Ferrer Cyrano de Bergerac
27%
Best Supporting Actress 2016 Viola Davis Fences
27%
Best Actor 1939 Robert Donat Goodbye, Mr. Chips
27%
Best Actress 1967 Katharine Hepburn Guess Who's Coming to Dinner
27%
Best Supporting Actress 2018 Regina King If Beale Street Could Talk
27%
Best Actress 1938 Bette Davis Jezebel
27%
Best Supporting Actress 1938 Fay Bainter Jezebel
27%
Best Actress 1940 Ginger Rogers Kitty Foyle
27%
Best Supporting Actress 2019 Laura Dern Marriage Story
27%
Best Supporting Actress 2007 Tilda Swinton Michael Clayton
27%
Best Supporting Actress 1974 Ingrid Bergman Murder on the Orient Express
27%
Best Actress 1953 Audrey Hepburn Roman Holiday
27%
Best Actor 1973 Jack Lemmon Save the Tiger
27%
Best Supporting Actor 1957 Red Buttons Sayonara
27%
Best Supporting Actress 1957 Miyoshi Umeki Sayonara
27%
Best Actor 1953 William Holden Stalag 17
27%
Best Supporting Actor 2005 George Clooney Syriana
27%
Best Supporting Actress 1988 Geena Davis The Accidental Tourist
27%
Best Supporting Actor 1999 Michael Caine The Cider House Rules
27%
Best Supporting Actress 2005 Rachel Weisz The Constant Gardener
27%
Best Supporting Actress 2015 Alicia Vikander The Danish Girl
27%
Best Supporting Actor 1971 Ben Johnson The Last Picture Show
27%
Best Supporting Actress 1971 Cloris Leachman The Last Picture Show
27%
Best Actress 1943 Jennifer Jones The Song of Bernadette
27%
Best Supporting Actor 1948 Walter Huston The Treasure of the Sierra Madre
27%
Best Actress 1985 Geraldine Page The Trip to Bountiful
27%
Best Supporting Actress 2008 Penélope Cruz Vicky Cristina Barcelona
27%
Best Actress 1956 Ingrid Bergman Anastasia
18%
Best Supporting Actress 1984 Peggy Ashcroft A Passage to India
18%
Best Supporting Actor 2024 Kieran Culkin A Real Pain
18%
Best Supporting Actor 2011 Christopher Plummer Beginners
18%
Best Supporting Actress 1994 Dianne Wiest Bullets Over Broadway
18%
Best Supporting Actress 1972 Eileen Heckart Butterflies are Free
18%
Best Actress 1965 Julie Christie Darling
18%
Best Actor 1930 George Arliss Disraeli
18%
Best Actor 1932 Fredric March Dr. Jekyll and Mr. Hyde
18%
Best Supporting Actress 2024 Zoe Saldaña Emilia Pérez
18%
Best Supporting Actress 1943 Katina Paxinou For Whom the Bell Tolls
18%
Best Actress 1944 Ingrid Bergman Gaslight
18%
Best Supporting Actor 2001 Jim Broadbent Iris
18%
Best Actress 1958 Susan Hayward I Want to Live!
18%
Best Supporting Actor 1977 Jason Robards Julia
18%
Best Supporting Actress 1977 Vanessa Redgrave Julia
18%
Best Actress 1945 Joan Crawford Mildred Pierce
18%
Best Supporting Actor 1955 Jack Lemmon Mister Roberts
18%
Best Supporting Actress 1985 Anjelica Huston Prizzi's Honor
18%
Best Supporting Actress 1981 Maureen Stapleton Reds
18%
Best Supporting Actress 1968 Ruth Gordon Rosemary's Baby
18%
Best Supporting Actor 1970 John Mills Ryan's Daughter
18%
Best Supporting Actress 1975 Lee Grant Shampoo
18%
Best Supporting Actor 1939 Thomas Mitchell Stagecoach
18%
Best Supporting Actress 1991 Mercedes Ruehl The Fisher King
18%
Best Actress 1937 Luise Rainer The Good Earth
18%
Best Supporting Actress 1940 Jane Darwell The Grapes of Wrath
18%
Best Actress 1936 Luise Rainer The Great Ziegfeld
18%
Best Supporting Actor 1937 Joseph Schildkraut The Life of Emile Zola
18%
Best Actress 1968 Katharine Hepburn The Lion in Winter
18%
Best Supporting Actor 1973 John Houseman The Paper Chase
18%
Best Actress 1969 Maggie Smith The Prime of Miss Jean Brodie
18%
Best Actor 1933 Charles Laughton The Private Life of Henry VIII
18%
Best Actor 1936 Paul Muni The Story of Louis Pasteur
18%
Best Supporting Actress 1963 Margaret Rutherford The V.I.P.s
18%
Best Supporting Actor 1969 Gig Young They Shoot Horses, Don't They?
18%
Best Supporting Actor 1964 Peter Ustinov Topkapi
18%
Best Actress 1961 Sophia Loren Two Women
18%
Best Actor 1943 Paul Lukas Watch on the Rhine
18%
Best Supporting Actress 2025 Amy Madigan Weapons
18%
Best Supporting Actor 1998 James Coburn Affliction
9%
Best Actor 1931 Lionel Barrymore A Free Soul
9%
Best Supporting Actor 1945 James Dunn A Tree Grows in Brooklyn
9%
Best Supporting Actor 1979 Melvyn Douglas Being There
9%
Best Actress 1950 Judy Holliday Born Yesterday
9%
Best Supporting Actress 1978 Maggie Smith California Suite
9%
Best Actress 1929 Mary Pickford Coquette
9%
Best Supporting Actress 1955 Jo Van Fleet East of Eden
9%
Best Supporting Actress 1950 Josephine Hull Harvey
9%
Best Actor 1929 Warner Baxter In Old Arizona
9%
Best Supporting Actress 1937 Alice Brady In Old Chicago
9%
Best Supporting Actress 1948 Claire Trevor Key Largo
9%
Best Supporting Actor 1956 Anthony Quinn Lust for Life
9%
Best Actress 1933 Katharine Hepburn Morning Glory
9%
Best Supporting Actress 2000 Marcia Gay Harden Pollock
9%
Best Actress 1959 Simone Signoret Room at the Top
9%
Best Actor 1941 Gary Cooper Sergeant York
9%
Best Actress 1928 Janet Gaynor Sunrise: A Song of Two Humans
9%
Best Actress 1941 Joan Fontaine Suspicion
9%
Best Supporting Actor 1954 Edmond O'Brien The Barefoot Contessa
9%
Best Supporting Actor 1958 Burl Ives The Big Country
9%
Best Actor 1932 Wallace Beery The Champ
9%
Best Actress 1954 Grace Kelly The Country Girl
9%
Best Supporting Actress 1959 Shelley Winters The Diary of Anne Frank
9%
Best Actress 1947 Loretta Young The Farmer's Daughter
9%
Best Supporting Actor 1966 Walter Matthau The Fortune Cookie
9%
Best Actress 1949 Olivia de Havilland The Heiress
9%
Best Actor 1935 Victor McLaglen The Informer
9%
Best Actor 1928 Emil Jannings The Last Command
9%
Best Supporting Actor 1975 George Burns The Sunshine Boys
9%
Best Supporting Actor 1940 Walter Brennan The Westerner
9%
Best Actress 1970 Glenda Jackson Women in Love
9%
Best Supporting Actress 1956 Dorothy Malone Written on the Wind
9%
Best Supporting Actress 1964 Lila Kedrova Zorba the Greek
9%
Best Actress 1928 Janet Gaynor 7th Heaven
0%
Best Actor 1947 Ronald Colman A Double Life
0%
Best Supporting Actress 1936 Gale Sondergaard Anthony Adverse
0%
Best Supporting Actress 1965 Shelley Winters A Patch of Blue
0%
Best Supporting Actor 1965 Martin Balsam A Thousand Clowns
0%
Best Actress 1973 Glenda Jackson A Touch of Class
0%
Best Supporting Actor 1936 Walter Brennan Come and Get It
0%
Best Actress 1952 Shirley Booth Come Back, Little Sheba
0%
Best Actress 1935 Bette Davis Dangerous
0%
Best Supporting Actress 1947 Celeste Holm Gentleman's Agreement
0%
Best Actress 1948 Jane Wyman Johnny Belinda
0%
Best Supporting Actor 1942 Van Heflin Johnny Eager
0%
Best Supporting Actor 1938 Walter Brennan Kentucky
0%
Best Supporting Actress 1980 Mary Steenburgen Melvin and Howard
0%
Best Actress 1931 Marie Dressler Min and Bill
0%
Best Supporting Actress 1945 Anne Revere National Velvet
0%
Best Supporting Actress 1944 Ethel Barrymore None but the Lonely Heart
0%
Best Actress 1928 Janet Gaynor Street Angel
0%
Best Supporting Actor 1962 Ed Begley Sweet Bird of Youth
0%
Best Supporting Actress 1952 Gloria Grahame The Bad and the Beautiful
0%
Best Actress 1930 Norma Shearer The Divorcee
0%
Best Supporting Actress 1941 Mary Astor The Great Lie
0%
Best Supporting Actor 1943 Charles Coburn The More the Merrier
0%
Best Supporting Actress 1946 Anne Baxter The Razor's Edge
0%
Best Actress 1955 Anna Magnani The Rose Tattoo
0%
Best Actress 1932 Helen Hayes The Sin of Madelon Claudet
0%
Best Supporting Actor 1968 Jack Albertson The Subject Was Roses
0%
Best Actor 1928 Emil Jannings The Way of All Flesh
0%
Best Supporting Actress 1983 Linda Hunt The Year of Living Dangerously
0%
Best Actress 1946 Olivia de Havilland To Each His Own
0%
Best Supporting Actor 1949 Dean Jagger Twelve O'Clock High
0%
Best Supporting Actor 1952 Anthony Quinn Viva Zapata!
0%
No matching quizzes found
Score Distribution
Percent of People with Each Score
Percentile by Number Answered
Your Score History
You have not taken this quiz since the last reset